000 00332nam a22001577a 4500
003 SGT
020 _a9789339213053
082 _a658.15,KHA
100 _aKHAN,M.Y.
245 _aFINANCIAL MANAGEMENT
250 _a7TH
260 _aNEW DELHI
_bTMH
_c2015
300 _aV.P.
650 _aFINANCIAL MANAGEMENT
942 _2ddc
_cBK
999 _c11593
_d11593